000 00879nam a2200241Ia 4500
003 GCL
008 140319s9999 xx 000 0 ara d
040 _aGCL /
_cGCL
082 0 4 _a415.1
_bس ن
100 1 _aسليمان فياض
245 1 0 _aالنحو العصرى :
_bدليل مبسط لقواعد اللغة العربية /
_cسليمان فياض
250 _aالاولى
260 _aالقاهرة :
_bمركز الاهرام للترجمة والنشر ،
_c1995
300 _a375 ص ؛
_c24 سم
650 0 4 _aالنحو - الافعال
650 0 4 _aالنحو - الاسماء
650 0 4 _aاللغة العربية - النحو
650 0 4 _aالنحو - الجملة الاسمية
650 0 4 _aالنحو - الجملة الفعلية
650 0 4 _aالنحو - الاستفهام
650 0 4 _aالنحو - الحروف
942 _2ddc
_cBK
999 _c37305
_d37305